Library of the University of Algiers 3
Ibrahim Sultan Cheibout
شعار جامعة الجزائر 3
مكتبة جامعة الجزائر 3
إبراهيم سلطان شيبوط

تحليل مخاطر الاستثمار في البورصة و الاوراق المالية / (رقم التسجيلة. 42899)

تفاصيل مارك
000 -LEADER
fixed length control field 01307nam a2200253Ia 4500
003 - CONTROL NUMBER IDENTIFIER
control field Ost
005 - DATE AND TIME OF LATEST TRANSACTION
control field 20260507075111.0
008 - FIXED-LENGTH DATA ELEMENTS--GENERAL INFORMATION
fixed length control field 260507s9999||||xx |||||||||||||| ||und||
020 ## - INTERNATIONAL STANDARD BOOK NUMBER
International Standard Book Number 447279977
040 ## - CATALOGING SOURCE
Transcribing agency fsecg
041 ## - LANGUAGE CODE
Language code of text/sound track or separate title ara
082 ## - DEWEY DECIMAL CLASSIFICATION NUMBER
Classification number 330
100 ## - MAIN ENTRY--PERSONAL NAME
Personal name عليوة، السيد
Relator term مؤلف
245 #0 - TITLE STATEMENT
Title تحليل مخاطر الاستثمار في البورصة و الاوراق المالية /
Statement of responsibility, etc. السيد عليوة
260 ## - PUBLICATION, DISTRIBUTION, ETC.
Place of publication, distribution, etc. القاهرة:
Name of publisher, distributor, etc. دار الامين للنشر و التوزيع,
Date of publication, distribution, etc. 2006
300 ## - PHYSICAL DESCRIPTION
Extent 195 صفحة؛
Dimensions 24 سم
504 ## - BIBLIOGRAPHY, ETC. NOTE
Bibliography, etc. note الكتاب فيه اللغة الإنجليزية
520 ## - SUMMARY, ETC.
Summary, etc. تجد في هذا الكتاب: تاريخ البورصة؛ الأسهم والسندات؛ سوق الأوراق المالية؛ البورصة وتمويل المشروعات، أنواع الأسهم، حقوق المساهم، ملامح السوق المصري، صناديق الإستثمار في الأوراق المالية. دراسة حالة لكل من اليمن، اندونيسا، جنوب إفريقيا، روسيا، بولندا، البوسنة والهرسك.
653 ## - INDEX TERM--UNCONTROLLED
Uncontrolled term استثمار
653 ## - INDEX TERM--UNCONTROLLED
Uncontrolled term إقتصاد عالمي.
653 ## - INDEX TERM--UNCONTROLLED
Uncontrolled term الأوراق المالية
653 ## - INDEX TERM--UNCONTROLLED
Uncontrolled term البورصة
942 ## - ADDED ENTRY ELEMENTS (KOHA)
Koha item type كتب
المقتنيات
Withdrawn status Lost status Source of classification or shelving scheme Damaged status Not for loan Home library Current library Date acquired Serial enumeration / chronology Inventory number Total checkouts Full call number Barcode Date last seen Price effective from Koha item type
    Dewey Decimal Classification   NOT LOAN / إعارة داخلية مكتبة كلية العلوم الإقتصادية والعلوم التجارية وعلوم التسيير مكتبة كلية العلوم الإقتصادية والعلوم التجارية وعلوم التسيير 07/05/2026 الطابق الأرضي 1407/1   أ/1407ن1 1407/1 07/05/2026 07/05/2026 كتب
    Dewey Decimal Classification   Available مكتبة كلية العلوم الإقتصادية والعلوم التجارية وعلوم التسيير مكتبة كلية العلوم الإقتصادية والعلوم التجارية وعلوم التسيير 07/05/2026 الطابق الأرضي 1407/2   أ/1407ن2 1407/2 07/05/2026 07/05/2026 كتب
    Dewey Decimal Classification   Available مكتبة كلية العلوم الإقتصادية والعلوم التجارية وعلوم التسيير مكتبة كلية العلوم الإقتصادية والعلوم التجارية وعلوم التسيير 07/05/2026 الطابق الأرضي 1407/3   أ/1407ن3 1407/3 07/05/2026 07/05/2026 كتب
    Dewey Decimal Classification   Available مكتبة كلية العلوم الإقتصادية والعلوم التجارية وعلوم التسيير مكتبة كلية العلوم الإقتصادية والعلوم التجارية وعلوم التسيير 07/05/2026 الطابق الأرضي 1407/4   أ/1407ن4 1407/4 07/05/2026 07/05/2026 كتب
    Dewey Decimal Classification   Available مكتبة كلية العلوم الإقتصادية والعلوم التجارية وعلوم التسيير مكتبة كلية العلوم الإقتصادية والعلوم التجارية وعلوم التسيير 07/05/2026 الطابق الثاني 1407/5   أ/1407ن5 1407/5 07/05/2026 07/05/2026 كتب
    Dewey Decimal Classification   Available مكتبة كلية العلوم الإقتصادية والعلوم التجارية وعلوم التسيير مكتبة كلية العلوم الإقتصادية والعلوم التجارية وعلوم التسيير 07/05/2026 الطابق الثاني 1407/6   أ/1407ن6 1407/6 07/05/2026 07/05/2026 كتب

موارد الويب المفتوحة


© University of Algiers 3 All Rights Reserved
|
Implemented by LECHELAH Riad